[Event "Wroclaw Anderssen Memorial"]
[Site "Wroclaw"]
[Date "2022.07.30"]
[Round "4"]
[White "Bocko, Stanislaw"]
[Black "Heinzel, Olaf"]
[Result "0-1"]
[WhiteElo "1710"]
[BlackElo "2306"]
[PlyCount "78"]
[EventDate "2022.07.30"]
[EventType "swiss (rapid)"]
[EventRounds "9"]
[EventCountry "POL"]
[SourceTitle "CBM 209 Extra"]
[Source "ChessBase"]
[SourceDate "2022.09.30"]
[SourceVersion "1"]
[SourceVersionDate "2022.09.30"]
[SourceQuality "1"]

1. e4 d5 2. exd5 Qxd5 3. Nf3 Nf6 4. Nc3 Qd6 5. Be2 Bg4 6. 0-0 e6 7. d3 Nc6 8. h3 Bh5 9. Be3 a6 10. a3 Be7 11. Qd2 0-0 12. Rad1 Rfe8 13. Bf4 Qd8 14. Rfe1 h6 15. Ne5 Nxe5 16. Bxh5 Nxh5 17. Bxe5 Bd6 18. Qe3 Nf6 19. Bxf6 Qxf6 20. Ne4 Qxb2 21. Nxd6 cxd6 22. Rb1 Qxa3 23. Rxb7 Qc3 24. Reb1 a5 25. Rd7 a4 26. Rbb7 Rf8 27. Qf3 Qf6 28. Qc6 a3 29. Ra7 Rac8 30. Qa4 Qa1+ 31. Kh2 Qe5+ 32. f4 Qe2 33. Rdc7 Rxc7 34. Rxc7 Qf2 35. Qxa3 Qxf4+ 36. Kg1 Rb8 37. Qa2 d5 38. Ra7 Qd4+ 39. Kh2 Rb2 0-1

[Event "Wroclaw Anderssen Memorial"]
[Site "Wroclaw"]
[Date "2022.07.30"]
[Round "8"]
[White "Bocko, Stanislaw"]
[Black "Witczak, Kamil"]
[Result "1-0"]
[WhiteElo "1710"]
[BlackElo "1269"]
[PlyCount "137"]
[EventDate "2022.07.30"]
[EventType "swiss (rapid)"]
[EventRounds "9"]
[EventCountry "POL"]
[SourceTitle "CBM 209 Extra"]
[Source "ChessBase"]
[SourceDate "2022.09.30"]
[SourceVersion "1"]
[SourceVersionDate "2022.09.30"]
[SourceQuality "1"]

1. e4 c5 2. Nf3 g6 3. d4 cxd4 4. Nxd4 Nc6 5. Nc3 Nf6 6. f3 Nxd4 7. Qxd4 Bg7 8. Be3 0-0 9. g4 Nxg4 10. Qd2 Nxe3 11. Qxe3 d6 12. h4 h5 13. f4 Bg4 14. Be2 Bxe2 15. Kxe2 e6 16. Qd3 Qb6 17. Rab1 Bh6 18. Kf3 Rad8 19. Rhg1 Qc6 20. Ne2 Kh7 21. Kg3 Qc7 22. Kh3 Qd7 23. Kh2 Qe7 24. Kh3 f5 25. Rbf1 Qf7 26. Nd4 fxe4 27. Qxe4 d5 28. Qxe6 Qd7 29. Rxg6 Qxe6+ 30. Rxe6 Rxf4 31. Rxh6+ Kxh6 32. Rxf4 Kg6 33. Kg3 Rd7 34. Kf3 Re7 35. Kf2 a6 36. c3 Kh6 37. Nf3 Rc7 38. Rd4 Rc5 39. Ng5 b5 40. a3 a5 41. Ne6 Rc6 42. Nf4 Rf6 43. Ke3 b4 44. axb4 axb4 45. Rxb4 d4+ 46. Rxd4 Rb6 47. b4 Rb7 48. Kd3 Rf7 49. b5 Rg7 50. Kc4 Rc7+ 51. Kb4 Rf7 52. c4 Rg7 53. b6 Rg1 54. Kc5 Kg7 55. Nxh5+ Kg6 56. Nf4+ Kh7 57. Nd5 Kg7 58. Kb5 Kf7 59. Re4 Rb1+ 60. Kc6 Rb2 61. c5 Rb1 62. b7 Rb2 63. Kc7 Kg6 64. b8Q Rc2 65. c6 Kf5 66. Rf4+ Kg6 67. Qg8+ Kh6 68. Rf6+ Kh5 69. Qg5# 1-0

[Event "Wroclaw Anderssen Memorial"]
[Site "Wroclaw"]
[Date "2022.07.30"]
[Round "7"]
[White "Wojciechowski, Szymon"]
[Black "Bocko, Stanislaw"]
[Result "0-1"]
[WhiteElo "1358"]
[BlackElo "1710"]
[PlyCount "72"]
[EventDate "2022.07.30"]
[EventType "swiss (rapid)"]
[EventRounds "9"]
[EventCountry "POL"]
[SourceTitle "CBM 209 Extra"]
[Source "ChessBase"]
[SourceDate "2022.09.30"]
[SourceVersion "1"]
[SourceVersionDate "2022.09.30"]
[SourceQuality "1"]

1. e4 c5 2. Nf3 d6 3. d4 cxd4 4. Qxd4 Nc6 5. Bb5 Bd7 6. Bxc6 Bxc6 7. Nc3 Nf6 8. Bg5 a6 9. 0-0-0 h6 10. Bh4 Qa5 11. e5 dxe5 12. Qxe5 Qxe5 13. Nxe5 Bxg2 14. Rhg1 Bc6 15. Nxc6 bxc6 16. Rd4 g5 17. Bg3 Bg7 18. Rc4 0-0 19. Rxc6 Rfc8 20. Rxc8+ Rxc8 21. Rd1 Nh5 22. Rd3 f5 23. h3 Kf7 24. Kd2 Nf6 25. b4 Rc4 26. a3 h5 27. h4 gxh4 28. Bh2 Ng4 29. Bg1 Bxc3+ 30. Rxc3 Rxc3 31. Kxc3 h3 32. a4 Ke6 33. b5 axb5 34. axb5 Kd7 35. b6 Kc6 36. Kd3 h2 0-1

[Event "POL-chT3 Dolnoslaskie 1415"]
[Site "Poland"]
[Date "2014.10.26"]
[Round "1.30"]
[White "Paprocki, Artur"]
[Black "Bocko, Stanislaw"]
[Result "1-0"]
[WhiteElo "1880"]
[BlackElo "1985"]
[PlyCount "63"]
[EventDate "2014.10.26"]
[EventType "team-tourn"]
[EventRounds "11"]
[EventCountry "POL"]
[SourceTitle "EXT 2018"]
[Source "ChessBase"]
[SourceDate "2017.10.13"]
[SourceVersion "1"]
[SourceVersionDate "2017.10.13"]
[SourceQuality "1"]
[WhiteTeam "Olesnica Pogon"]
[BlackTeam "Gant Hetman"]
[WhiteTeamCountry "POL"]
[BlackTeamCountry "POL"]

1. c4 Nf6 2. Nc3 d6 3. g3 g6 4. Bg2 Bg7 5. e4 0-0 6. Nge2 e5 7. 0-0 c6 8. d3 Nbd7 9. h3 Nc5 10. Be3 Ne6 11. d4 exd4 12. Nxd4 Qe7 13. Qd2 Rd8 14. Rad1 Nxd4 15. Bxd4 Be6 16. b3 Ne8 17. Bxg7 Kxg7 18. Rfe1 Qf6 19. Qd4 Qxd4 20. Rxd4 Kf8 21. Red1 Ke7 22. f4 f6 23. g4 Bf7 24. Kf2 Nc7 25. Kg3 a5 26. h4 Ne6 27. R4d2 Nc5 28. g5 fxg5 29. hxg5 Bg8 30. f5 Bf7 31. f6+ Ke6 32. Kf4 1-0

[Event "POL-chT3 Dolnoslaskie 1314"]
[Site "Poland"]
[Date "2013.12.01"]
[Round "4.15"]
[White "Krosny, Miroslaw"]
[Black "Bocko, Stanislaw"]
[Result "1/2-1/2"]
[WhiteElo "2039"]
[BlackElo "2001"]
[PlyCount "54"]
[EventDate "2013.10.20"]
[EventType "team-tourn"]
[EventRounds "11"]
[EventCountry "POL"]
[SourceTitle "EXT 2018"]
[Source "ChessBase"]
[SourceDate "2017.10.13"]
[SourceVersion "1"]
[SourceVersionDate "2017.10.13"]
[SourceQuality "1"]
[WhiteTeam "Olesnica Pogon"]
[BlackTeam "Gant Hetman"]
[WhiteTeamCountry "POL"]
[BlackTeamCountry "POL"]

1. e4 c5 2. Nf3 Nc6 3. d4 cxd4 4. Nxd4 g6 5. Nc3 Bg7 6. Be3 Nf6 7. Be2 d6 8. Qd2 0-0 9. h4 Nxd4 10. Bxd4 Qa5 11. h5 Nxe4 12. Qd3 Nxc3 13. bxc3 Bf5 14. Qd2 Bxd4 15. cxd4 Qxd2+ 16. Kxd2 Rac8 17. c3 Be4 18. Rh4 Bd5 19. hxg6 hxg6 20. Rc1 Bc4 21. Bf3 b6 22. Re1 e6 23. Reh1 Kg7 24. Rh7+ Kf6 25. a3 Rfe8 26. R1h3 e5 27. Bb7 Rc7 1/2-1/2

[Event "POL-chT3 Dolnoslaskie 1314"]
[Site "Poland"]
[Date "2013.11.17"]
[Round "3.25"]
[White "Bocko, Stanislaw"]
[Black "Jozwik, Grazyna"]
[Result "1-0"]
[WhiteElo "2001"]
[BlackElo "1569"]
[PlyCount "119"]
[EventDate "2013.10.20"]
[EventType "team-tourn"]
[EventRounds "11"]
[EventCountry "POL"]
[SourceTitle "EXT 2018"]
[Source "ChessBase"]
[SourceDate "2017.10.13"]
[SourceVersion "1"]
[SourceVersionDate "2017.10.13"]
[SourceQuality "1"]
[WhiteTeam "Gant Hetman"]
[BlackTeam "Goliszow LZS Mewa"]
[WhiteTeamCountry "POL"]
[BlackTeamCountry "POL"]

1. e4 c6 2. d4 d5 3. Nc3 dxe4 4. Nxe4 Nd7 5. Bc4 Ngf6 6. Ng5 e6 7. Ne2 h6 8. Nf3 Bd6 9. 0-0 0-0 10. Re1 c5 11. c3 Qc7 12. Bb3 b6 13. Ng3 Bb7 14. Qe2 Rfe8 15. Ne5 Nd5 16. Bd2 N7f6 17. Rad1 cxd4 18. cxd4 Rad8 19. a3 Qe7 20. Ba4 Rf8 21. Nc6 Bxc6 22. Bxc6 Qc7 23. Rc1 Qb8 24. Rc2 Ne7 25. Bb5 Rc8 26. Rec1 Rxc2 27. Rxc2 Rc8 28. Qd3 Rxc2 29. Qxc2 Qc8 30. Qd3 Ned5 31. Ne4 Nxe4 32. Qxe4 Nf6 33. Qd3 Qc7 34. g3 Qb7 35. f3 e5 36. Kg2 exd4 37. Qxd4 Qd5 38. Qxd5 Nxd5 39. Bc4 Ne7 40. Kf2 Kf8 41. Bc3 Bc5+ 42. Ke2 f6 43. Kd3 Ke8 44. Bb5+ Kd8 45. Ke4 Kc7 46. g4 Kd6 47. Be1 Kc7 48. h4 Bd6 49. f4 Bc5 50. h5 a5 51. Bc3 Bf2 52. g5 hxg5 53. fxg5 Bh4 54. h6 gxh6 55. gxh6 Kd6 56. h7 Ng6 57. Kf5 Nh8 58. Bxf6 Bxf6 59. Kxf6 Kc5 60. a4 1-0

[Event "POL-chT 2nd League"]
[Site "Miedzyzdroje"]
[Date "2009.09.17"]
[Round "6"]
[White "Bocko, Stanislaw"]
[Black "Paszewski, Mateusz"]
[Result "1-0"]
[WhiteElo "2059"]
[BlackElo "1731"]
[PlyCount "93"]
[EventDate "2009.09.12"]
[EventType "team-swiss"]
[EventRounds "9"]
[EventCountry "POL"]
[SourceTitle "EXT 2019"]
[Source "ChessBase"]
[SourceDate "2018.10.10"]
[SourceVersion "1"]
[SourceVersionDate "2018.10.10"]
[SourceQuality "1"]
[WhiteTeam "Wroclaw Hetman"]
[BlackTeam "Czestochowa UKS Hetman"]
[WhiteTeamCountry "POL"]
[BlackTeamCountry "POL"]

1. e4 c5 2. Nf3 d6 3. d4 cxd4 4. Nxd4 Nf6 5. Nc3 g6 6. Bc4 Bg7 7. 0-0 0-0 8. h3 Nc6 9. Be3 Bd7 10. Qd2 Rc8 11. Bb3 Ne5 12. Rad1 Nc4 13. Bxc4 Rxc4 14. f3 Qc7 15. Ncb5 Qb8 16. b3 Rc5 17. c4 a6 18. Na3 Rfc8 19. Ndc2 R5c7 20. Bb6 Rc6 21. Qa5 Nh5 22. Nd4 Rc5 23. Qd2 Re5 24. Nac2 h6 25. Ne3 Bxh3 26. gxh3 Rg5+ 27. Ng2 Rg3 28. Ne2 Rxh3 29. Nef4 Rg3 30. Nxh5 gxh5 31. Bf2 Rxf3 32. Nh4 Rf6 33. Bd4 Re6 34. Qg2 Kf8 35. Qxg7+ Ke8 36. Qxf7+ Kd7 37. Qf5 Rg8+ 38. Kh1 Rg5 39. Qh3 Rg4 40. Nf5 Kc7 41. e5 b6 42. exd6+ exd6 43. Bg1 Kb7 44. Qf3+ Ka7 45. Qc6 Re2 46. Rxd6 Rxg1+ 47. Rxg1 1-0